000 00199nam a22000977a 4500
020 _a9789383299751
245 _aThumbelina + Goldilock Three Bear
260 _bRamash
300 _a16
942 _2ddc
_cBK
999 _c4389
_d4389